书目信息 |
| 题名: |
腹部疝的诊断与治疗
|
|
| 作者: | 裴象昌 | |
| 分册: | ||
| 出版信息: | 北京 中国科学技术出版社 1994.12 |
|
| 页数: | 296页 | |
| 开本: | 32开 | |
| 丛书名: | ||
| 单 册: | ||
| 中图分类: | R656.2 | |
| 科图分类: | ||
| 主题词: | 外科学--各论 | |
| 电子资源: | ||
| ISBN: | 7-5046-1742-3 | |
| 000 | 00542nam0 2200181 45 | |
| 001 | 9911301546 | |
| 005 | 19991130154344.7 | |
| 010 | @a7-5046-1742-3@d9.80 | |
| 100 | @a19991130d1994 km y0chiy0120 ea | |
| 101 | @achi | |
| 105 | @a z 000yy | |
| 200 | 1 | @a腹部疝的诊断与治疗@AFu Bu Shan De Zhen Duan Yu Zhi Liao@f裴象昌@FPei Xiang Chang |
| 210 | @a北京@c中国科学技术出版社@d1994.12 | |
| 215 | @a296页@c无图表@d32开 | |
| 606 | 0 | @a外科学@x各论 |
| 690 | @aR656.2@v3 | |
| 801 | @aCN@bPerfectUser@c19991130 | |
| 905 | @aBZT@b46330-334@f5@dR656.2@e1 | |
| 腹部疝的诊断与治疗/裴象昌.-北京:中国科学技术出版社,1994.12 |
| 296页:无图表;32开 |
| ISBN 7-5046-1742-3:9.80 |
| ● |
| 相关链接 |
|
|
|
正题名:腹部疝的诊断与治疗
索取号:R656.2/1
 
预约/预借
| 序号 | 登录号 | 条形码 | 馆藏地/架位号 | 状态 | 备注 |
| 1 | 46330 | 200582592 | 中心书库中库/ 中库011架B面4列2层3/ [索取号:R656.2/1] | 在馆 | |
| 2 | 46331 | 200582583 | 中心书库中库/ 中库011架B面4列2层1/ [索取号:R656.2/1] | 在馆 | |
| 3 | 46332 | 200582609 | 中心书库中库/ 中库011架B面4列2层5/ [索取号:R656.2/1] | 在馆 | |
| 4 | 46333 | 200582574 | 中心书库中库/ 中库011架B面4列2层4/ [索取号:R656.2/1] | 在馆 | |
| 5 | 46334 | 200582565 | 中心书库中库/ 中库011架B面4列2层2/ [索取号:R656.2/1] | 在馆 |